[Event "British Universities-ch"]
[Site "Chess.com INT"]
[Date "2022.03.05"]
[Round "1.4"]
[White "Smith, Luke"]
[Black "Browse, Joseph"]
[Result "1-0"]
[WhiteElo "1577"]
[BlackElo "1649"]
[PlyCount "99"]
[EventDate "2022.03.05"]
[EventType "swiss"]
[EventRounds "9"]
[EventCountry "ENG"]
[SourceTitle "EXT 2023"]
[Source "ChessBase"]
[SourceDate "2022.10.05"]
[SourceVersion "1"]
[SourceVersionDate "2022.10.05"]
[SourceQuality "1"]
[WhiteTeam "Swansea II"]
[BlackTeam "Cardiff"]
[WhiteTeamCountry "WLS"]
[BlackTeamCountry "WLS"]

1. e4 c6 2. d4 d5 3. e5 c5 4. c3 Nc6 5. Bb5 cxd4 6. cxd4 Bf5 7. Nf3 e6 8. Qa4 Qc7 9. 0-0 a6 10. Bxc6+ Qxc6 11. Qxc6+ bxc6 12. Bd2 c5 13. b3 cxd4 14. Nxd4 Bg6 15. Nc3 Bc5 16. Nf3 Ne7 17. Na4 Ba7 18. Rac1 Rc8 19. Bb4 Nc6 20. Bd6 Kd7 21. Nc5+ Bxc5 22. Rxc5 f6 23. Rfc1 fxe5 24. Bxe5 Nxe5 25. Nxe5+ Kd6 26. Rxc8 Rxc8 27. Rxc8 Kxe5 28. Kf1 Bd3+ 29. Ke1 Bb5 30. Rc7 Kf6 31. a4 Bd3 32. Kd2 Bf1 33. g3 h5 34. b4 g5 35. Rh7 Kg6 36. Rb7 Kf5 37. Ke3 e5 38. b5 d4+ 39. Kd2 axb5 40. axb5 e4 41. b6 e3+ 42. fxe3 dxe3+ 43. Kxe3 Ba6 44. Ra7 Bc8 45. b7 Bxb7 46. Rxb7 Kg4 47. Kf2 Kh3 48. Kg1 g4 49. Rh7 h4 50. Rxh4# 1-0